| 000 | 00940cam a22002771 4500 | ||
|---|---|---|---|
| 001 | 15881 | ||
| 003 | BD-RjUL | ||
| 005 | 20211208235913.0 | ||
| 008 | 140211m19581950nyua b 001 0 eng d | ||
| 035 | _a(BD-RjUL)15936 | ||
| 040 |
_aDLC _cDLC _dDLC _dBD-RjUL _beng |
||
| 041 | _aeng | ||
| 082 | 0 | 0 |
_a660.28425 _bROE 1958 |
| 100 | 1 |
_aRobinson, Clark Shove, _d1888-1947. _949244 |
|
| 245 | 0 | 0 |
_aElements of fractional distillation / _c Clark Shove Robinson and Edwin Richard Gilliland. Revised and rewritten by Edwin Richard Gilliland. |
| 250 | _a4th ed. | ||
| 260 |
_aNew York ; _aLondon : _bMcGraw-Hill, _cc1950, 1958. |
||
| 300 |
_aix, 492 p. : _billus. ; _c23 cm. |
||
| 490 | 0 | _aChemical engineering series | |
| 504 | _aIncludes bibliographies. | ||
| 650 | 0 |
_aDistillation, Fractional. _949245 |
|
| 700 | 1 |
_aGilliland, Edwin Richard, _d1909-1973, _9234578 |
|
| 942 |
_2ddc _cBK |
||
| 999 |
_c15881 _d15881 |
||